书目信息 |
| 书名: | LUC TUYMANS | |
| 作者: | Madeleing Grynsztejn. | |
| 分册号: | ||
| 分册名: | 出版地: |
|
| 出版社: | ||
| 出版时间: | ||
| 页数: | 228 p. ; | |
| 开本: | 30cm. | |
| 丛书名: | ||
| 中图分类号: | ||
| 科图分类号: | ||
| 其他分类号: | J235 | |
| 主题词: | ||
| 电子资源: | ||
| 000 | 00395nam 2200157 a 4500 | |
| 001 | E1730140542 | |
| 005 | 20171204082524.00 | |
| 008 | 171204s 00010 eng | |
| 020 | @a978-0-918471-82-6 :@cCNY 520.00. | |
| 040 | @aPFT@beng | |
| 093 | @aJ235 | |
| 099 | @dJ235@eM512 | |
| 245 | @aLUC TUYMANS / @cMadeleing Grynsztejn. | |
| 300 | @a228 p. ;@c30cm. | |
| 650 | 0 | @a绘画@x世界 |
| 650 | 0 | @a绘画@y各国 |
| LUC TUYMANS / / Madeleing Grynsztejn. |
| 228 p. ; ; 30cm. |
| ISBN 978-0-918471-82-6 :CNY 520.00. |
| ● |
| 相关链接 |
|
|
|
正题名:LUC TUYMANS
索取号:J235/M512
 
预约/预借
| 序号 | 登录号 | 条形码 | 馆藏地/架位号 | 状态 | 备注 |
| 1 | 0015875 | 300158754 | 艺术设计学院资料室/ [索取号:J235/M512] | 在馆 |